| 000 | 00752nam a2200265Ia 4500 | ||
|---|---|---|---|
| 005 | 20260121165946.0 | ||
| 008 | 008 260114s9999 xx 000 0 eng d | ||
| 020 | _a9783662467923 | ||
| 037 | _aEBOOK | ||
| 040 | _aCRL | ||
| 040 | _beng | ||
| 040 | _cCRL | ||
| 041 | _2eng | ||
| 041 | _aeng | ||
| 084 | _qCRL | ||
| 100 |
_aVojt?ch Janoušek, Jean-François Moyen, Hervé Martin, Vojt?ch Erban, Colin Farrow _91058101 |
||
| 245 | 0 | _aGeochemical Modelling of Igneous Processes – Principles And Recipes in R Language | |
| 260 | _bSpringer | ||
| 260 | _bSpringer | ||
| 260 | _c2016 | ||
| 856 | _uhttps://link.springer.com/openurl?genre=book&isbn=978-3-662-46792-3 | ||
| 942 | _cEBOOK | ||
| 999 |
_c1623830 _d1623830 |
||